Nederlandse steden a.d.h.v. stations - Statistieken

Algemene statistieken
  • Deze quiz is 220 keer genomen
    219 sinds de laatste reset
  • De gemiddelde score is 26 van 53
Antwoordstatistieken
Stations Stad % Correct
Amstel, Bijlmer-ArenA, Centraal, Holendrecht, ,Lelylaan, Muiderpoort, RAI, Sciencepark, Sloterdijk, Zuid Amsterdam
100%
Alexander, Blaak, Centraal, Lombardijen, Noord, Zuid Rotterdam
95%
Centraal, Leidsche Rijn, Lunetten, Overvecht, Terwijde, Vaartsche Rijn, Zuilen Utrecht
91%
Centraal, Hollands Spoor, Laan van Nieuw Oost Indië, Mariahoeve, Moerwijk, Ypenburg Den Haag
89%
Buiten, Centrum, Muziekwijk, Oostvaarders, Parkwijk, Poort Almere
84%
Centrum, -Wageningen Ede
84%
Media Park, Sportpark Hilversum
80%
Dukenburg, Goffert, Heyendaal, Lent Nijmegen
76%
Centraal, Schothorst, Vathorst Amersfoort
73%
Centraal, Presikhaaf, Velperpoort, Zuid Arnhem
71%
Europapark, Noord Groningen
69%
Centrum, -De Klomp, West Veenendaal
68%
Centraal, Strijp-S Eindhoven
65%
Reeshof, Universiteit Tilburg
65%
Naarden-, Zuid Bussum
63%
Soestdijk, Zuid Soest
63%
Campus Delft
60%
De Eschmarke, Glanerbrug, Kennispark Enschede
56%
Castellum Houten
55%
-Prinsenbeek Breda
53%
Kersenboogerd Hoorn
53%
Goverwelle Gouda
49%
Noord, Randwyck Maastricht
49%
Camminghaburen Leeuwarden
47%
De Vink, Lammenschans Leiden
47%
Blerick Venlo
47%
Colmschate Deventer
46%
Martenshoek, -Sappemeer Hoogezand
46%
Brandevoort, Brouwhuis, 't Hout Helmond
43%
Stadshagen Zwolle
43%
Spaarnwoude Haarlem
41%
Passewaaij Tiel
40%
Souburg Vlissingen
40%
Lansingerland-, Oost Zoetermeer
40%
Gezondheidspark, Oost Hengelo
39%
De Riet Almelo
38%
De Maten, Osseveld Apeldoorn
37%
Woonboulevard Heerlen
35%
Flora, -Grootebroek Bovenkarspel
31%
Overwhere, Weidevenne Purmerend
31%
Baanhoek Sliedrecht
31%
Noord, Centrum, Zuid Barneveld
30%
Centrum, Chevremont Kerkrade
30%
Stadspolders, Zuid Dordrecht
29%
Noord, Triangel Waddinxveen
29%
Kogerveld Zaandam
28%
De Huet Doetinchem
27%
Lutterade, Oost Geleen
24%
Snijdelwijk Boskoop
23%
Blauwe Zoom, Boven Hardinxveld-Giessendam
23%
Markt Eygelshoven
21%
De Vink Voorschoten
21%
Oost 's-Hertogenbosch
19%
Geen overeenkomende quizzen gevonden
Scoreverdeling
Procent van Mensen met Elke Score
Percentiel versus Aantal Correcte Antwoorden
Uw Scoregeschiedenis
U heeft deze quiz nog niet genomen sinds de laatste reset